000 01744nam a22003137a 4500
003 OSt
005 20210318134615.0
008 210318s2017 ck ao||gr|||| 00| 0 spa d
020 _a9789588818436
040 _aCO-JMCR
_cCO-JMCR
041 0 _aspa
082 0 4 _a387.10986114 /
_bL791o
_223
100 1 _aLlano Restrepo, Adriana,
_eautora
_913511
245 1 0 _aOrganización Puerto de Cartagena :
_bsociedad portuaria regional de Cartagena y Contecar /
_cAdriana Llano Restrepo ; prólogo Juan Gossaín ; fotografía Andrés Mauricio López, Héctor Rico ; proyecto, diseño y edición Benjamín Villegas.
250 _aPrimera edición
260 _aBogotá :
_bVillegas editores,
_c2017
300 _a325 páginas :
_bilustraciones y fotografías a color ;
_c31 cm.
504 _aBibliografía : páginas 321-322.
505 0 _aCartagena y du puerto: pilar en la historia y futuro del comercio Colombiano -- Cartagena y sui puerto: una misma historia -- !Bravo Zulu¡, Puerto de Cartagena -- Un puerto feliz -- Corazón del Caribe -- Listos para el futuro -- El cerebro de la operación -- De cara al mundo -- La dicha de servir -- Un puerto eco amigable -- Una historia ejemplar -- Palmarés a la excelencia
650 1 4 _aSociedad Portuaria Regional de Cartagena
_xHistoria
_936301
650 2 4 _aCentro de Distribución Logística Contecar
_xHistoria
_936302
650 2 4 _aPuertos
_xAspectos económicos
_zCartagena
_936303
650 2 4 _aPuertos
_z(Bolívar, Colombia)
_936304
650 2 4 _aHistoria
_xCartagena
_z(Bolívar, Colombia)
_936305
700 1 _aGossaín, Juan,
_eprologuista
_936306
700 1 _aLópez, Andrés Mauricio,
_efotógrafo
_936307
700 1 _aRico, Héctor,
_efotógrafo
_936308
942 _2ddc
_cBK
999 _c15432
_d15432